000 00818nam a22002655i 4500
001 11063
003 ES-MaACL
005 20230906150024.0
007 t|
008 921105s1992 sp ||||0| spa j
020 _a84-85698-80-0
040 _aM-BN
_bspa
_cM-BN
080 _a801:316
080 _a316:801
100 1 _aVillena Ponsoda, Juan Andrés.
_9115245
245 1 0 _aFundamentos del pensamiento social sobre el lenguaje
_b: (constitución y crítica de la sociolingüística) /
_cJuan Andrés Villena Ponsoda.
260 _aMálaga :
_bAgora,
_cD.L. 1992.
300 _a255 p ;
_c18 cm.
490 1 _aHybris ;
_v1
504 _aBibliografía: 217-255.
650 4 _aSociolingüística.
_917193
830 0 _aHybris ;
_v1
_9178647
852 _aES-MaACL
_jL-18409
_bR.121890
999 _c11063
_d11063